Statistics for Reus Airport Destinations (Reus, Spain)

Click here to take the quiz!

General Stats

  • This quiz has been taken 17 times
  • The average score is 19 of 24

Answer Stats

AirlineDestination% Correct
Jet2.com/Ryanair/TUI AirwaysBirmingham
100%
TUI fly BelgiumBrussels
100%
TUI AirwaysLondon (Gatwick)
100%
Jet2.com/RyanairLondon (Stansted)
100%
Jet2.com/TUI AirwaysBristol
91%
Ryanair/TUI AirwaysDublin
91%
Jet2.comEdinburgh
91%
Jet2.com/RyanairLeeds/Bradford
91%
RyanairLiverpool
91%
Jet2.com/Ryanair/TUI AirwaysManchester
91%
IberiaPalma de Mallorca
91%
Jet2.com/TUI AirwaysBelfast (International)
82%
RyanairCharleroi
82%
Jet2.com/TUI AirwaysGlasgow
82%
TUI AirwaysCardiff
73%
Ryanair/TUI AirwaysCork
73%
Jet2.com/RyanairEast Midlands
73%
Jet2.com/TUI AirwaysNewcastle upon Tyne
73%
Ryanair/TUI AirwaysShannon
64%
TUI AirwaysAberdeen
55%
RyanairEindhoven
55%
VuelingParis (Orly)
55%
SmartwingsPrague
36%
RyanairWeeze
18%

Score Distribution

Percentile by Number Answered

Percent of People with Each Score

Your Score History

You have not taken this quiz